| 000 | 01006cab a2200229 4500 | ||
|---|---|---|---|
| 001 | W7194 | ||
| 008 | 090401t1994 xxu||||| |||| 00| 0 eng d | ||
| 035 | _a(Sirsi) u19121 | ||
| 041 | _aeng | ||
| 245 | _aDeclaration of interest | ||
| 260 | _c1994 | ||
| 350 | _a0 | ||
| 490 |
_aEstates Gazette Case Summaries _v(1994) EGCS 49(1) |
||
| 520 | _a"R v Commissioner for Local Administration, ex p Blakey" QBD 7 March 1994. B had failed to declare a non-financial interest when speaking and voting on a route-planning decision, but having been challenged through the Ombudsman, he applied for judicial review on the grounds the Ombudsman had failed to balance B`s personal interest with duty to his constituents. Application refused. | ||
| 650 | _aAPPEARANCE OF IMPROPRIETY | ||
| 650 | _aCODE OF LOCAL GOVERNMENT CONDUCT | ||
| 650 | _aIMPRESSION | ||
| 650 | _aR V HOLDERNESS BC EX P JAMES ROBERT DEVELOPMENTS LTD | ||
| 690 | _aPLANNING LAW AND PRACTICE-CASE LAW | ||
| 942 | _n0 | ||
| 948 | _c04/03/1997 | ||
| 999 |
_c12734 _d12734 |
||